Tvorba štatistických adresných bodov ako bázy na územnú prípravu Sčítania obyvateľov, domov a bytov 2021

Objasnenie tvorby štatistických adresných bodov počas územnej prípravy, ktorá bola založená na integrácii administratívnych zdrojov údajov a terénneho zisťovania, a tvorila tak významnú podkladovú bázu na sčítanie obyvateľov, domov a bytov 2021. Metodika tvorby štatistických adresných bodov. Príprav...

Descrizione completa

Salvato in:
Dettagli Bibliografici
Autore principale: Schittenhelm, Andrea
Altri autori: Vanišová, Lucia
Natura: Capitolo di libro
Lingua:slovacco
Soggetti:
Tags: Aggiungi Tag
Nessun Tag, puoi essere il primo ad aggiungerne!!

MARC

LEADER 00000naa a2200000 4500
001 0283562
005 20240417075204.8
041 0 |a slo 
044 |a SK 
245 1 0 |a Tvorba štatistických adresných bodov ako bázy na územnú prípravu Sčítania obyvateľov, domov a bytov 2021  |c Andrea Schittenhelm, Lucia Vanišová 
520 |a Objasnenie tvorby štatistických adresných bodov počas územnej prípravy, ktorá bola založená na integrácii administratívnych zdrojov údajov a terénneho zisťovania, a tvorila tak významnú podkladovú bázu na sčítanie obyvateľov, domov a bytov 2021. Metodika tvorby štatistických adresných bodov. Prípravná fáza tvorby štatistických adresných bodov. Proces tvorby štatistických adresných bodov počas elektronického sčítania domov a bytov. Spracovanie chybných štatistických adresných bodov a zhodnotenie vytvorených štatistických adresných bodov. 
610 2 0 |a sčítanie ľudu 
610 2 0 |a štatistika 
610 2 0 |a zdroje informácií 
610 2 0 |a zber dát 
610 2 0 |a systémy informačné 
610 2 0 |a Slovensko 
100 1 |a Schittenhelm, Andrea 
700 1 |a Vanišová, Lucia